000 00560nam a2200157Ia 4500
005 20240625015221.0
008 240331s9999 xx 000 0 und d
020 _a8290584180
082 _a060
_bNOR
100 _aNorbye, O.D.K
245 0 _aDERAP's first 25 years :
_bThe history of the development action and reaseach programme at the chr.Michelsen institute
260 _aNorway
_bChr.Michelsen Institute
_c1995
300 _axii,105 p.,
500 _aThe history of the Development Action and Research Programme at the Chr. Michelsen Institute.
942 _cL
999 _c645
_d645